Vitam impendere vero: studi in onore de Pio Ciprotti

Saved in:
Bibliografiske detaljer
Main Authors: Schulz, Winfried (Author), Feliciani, Giorgio (Author)
Format: Bog
Sprog:italiensk
Udgivet: Ciudad del Vaticano Librería Editrice Vaticana 1986
Serier:Utrumque Ius. Collectio Pontificae Universitatis Laternanensis, 14
Fag:
Tags: Tilføj Tag
Ingen Tags, Vær først til at tagge denne postø!

MARC

LEADER 00000nam a2200000 a 4500
001 UCV3296
003 CL-VaPUC
008 930514e19860000VC |||||||||||||||||ita|d
082 0 4 |a 262.94  |b SCH  |2 21 
100 0 |a Schulz, Winfried  |e author  |9 297560 
700 0 |a Feliciani, Giorgio  |e author  |9 297561 
245 1 0 |a Vitam impendere vero: studi in onore de Pio Ciprotti 
300 |a 353 p 
942 |c BK 
945 |d 19930514 00:00:00 
260 |a Ciudad del Vaticano  |b Librería Editrice Vaticana  |c 1986 
650 7 |a DERECHO CANONICO  |2 CL-VaPUC  |9 297562 
583 |a last modification  |c 19930514 00:00:00  |k Rodrigo Vera 
490 0 |a Utrumque Ius. Collectio Pontificae Universitatis Laternanensis, 14 
999 |c 210569  |d 210567 
952 |0 0  |1 0  |4 0  |6 262_940000000000000_SCH_1986  |7 0  |8 A  |9 186920  |a BIBDER  |b BIBDER  |d 2019-11-14  |i 2545365  |o 262.94 SCH 1986  |p 2545365  |r 2023-01-25  |w 2019-11-14  |y BK  |k DER